000
00300nam a2200133Ia 4500
005
20251222153547.0
008
251222s9999||||xx |||||||||||||| ||spa||
020
_a
84-7490-550-8
082
_a
922.24/S79E
100
_a
Stein, Edith
245
0
_a
Edith Stein:
264
_b
Encuentro
942
_c
LIB
999
_c
30714
_d
30714